Statistics for Cities that Changed Names

Click here to take the quiz!

General Stats

  • This quiz has been taken 147 times
  • The average score is 11 of 20

Answer Stats

Prior Name Modern City % Correct
ConstantinopleIstanbul
95%
New AmsterdamNew York City
91%
LeningradSt. Petersburg
91%
PekingBeijing
91%
BombayMumbai
90%
SaigonHo Chi Minh City
87%
FlorentiaFlorence
84%
EdoTokyo
77%
TenochtitlánMexico City
70%
StalingradVolgograd
61%
MadrasChennai
48%
LutetiaParis
42%
PusanBusan
41%
LéopoldvilleKinshasa
40%
Mont-RoyalMontreal
31%
BataviaJakarta
28%
LundenwicLondon
27%
JórvíkYork
13%
DearbornChicago
10%
PhiladelphiaAmman
2%

Score Distribution

Percentile by Number Answered

Percent of People with Each Score

Your Score History

You have not taken this quiz